Normal view
MARC view
Entry Personal Name
001 - CONTROL NUMBER
- control field: 13244
003 - CONTROL NUMBER IDENTIFIER
- control field: ARRUPE
005 - DATE AND TIME OF LATEST TRANSACTION
- control field: 20141210134235.0
008 - FIXED-LENGTH DATA ELEMENTS
- fixed length control field: 141210|| aca||aabn | a|a d
040 ## - CATALOGING SOURCE
- Original cataloging agency: ARRUPE
- Transcribing agency: ARRUPE
100 ## - HEADING--PERSONAL NAME
- Personal name: Achard,
- Titles and other words associated with a name: de Saint-Victor,
- Dates associated with a name: -approximately 1171.
670 ## - SOURCE DATA FOUND
- Source citation: Work cat.: (ARRUPE)0: Achard, de Saint-Victor, -approximately 1171., Achard of Saint Victor :, 2001.